La transformación de la teoría del delito en el derecho penal internacional
Saved in:
| Hovedforfatter: | |
|---|---|
| Format: | Bog |
| Sprog: | spansk |
| Udgivet: |
Santiago
Ediciones Jurídicas de Santiago
2008
|
| Serier: | Justicia Penal
|
| Fag: | |
| Tags: |
Tilføj Tag
Ingen Tags, Vær først til at tagge denne postø!
|
MARC
| LEADER | 00000nam a2200000 a 4500 | ||
|---|---|---|---|
| 001 | UCI9466 | ||
| 003 | CL-VaPUC | ||
| 008 | 081120e20080000CL |||||||||||||||||spa|d | ||
| 020 | |a 9788496758636 | ||
| 082 | 0 | 4 | |a 341.77 |b MAT |2 21 |
| 100 | |a Matus Acuña, Jean Pierre |e autor |9 622291 | ||
| 245 | 1 | 3 | |a La transformación de la teoría del delito en el derecho penal internacional |
| 300 | |a 185 p | ||
| 942 | |c BK | ||
| 945 | |d 20081120 00:00:00 |a rbrito | ||
| 260 | |a Santiago |b Ediciones Jurídicas de Santiago |c 2008 | ||
| 650 | 0 | |a Derecho penal internacional |9 371889 | |
| 650 | 0 | |a Teoría del derecho |9 255982 | |
| 650 | 0 | |a Delito |9 336975 | |
| 650 | 0 | |a Jurisprudencia |9 255952 | |
| 650 | 0 | |a Tribunales internacionales |9 256072 | |
| 583 | |a last modification |c 20081120 00:00:00 |k Rodrigo Vera | ||
| 490 | 0 | |a Justicia Penal | |
| 999 | |c 331992 |d 331990 | ||
| 952 | |0 0 |1 0 |4 0 |6 341_770000000000000_MAT_2008 |7 0 |8 A |9 419301 |a BIBDER |b BIBDER |d 2019-11-22 |i 4499042 |l 1 |o 341.77 MAT 2008 |p 4499042 |r 2025-04-07 |s 2025-03-31 |w 2019-11-22 |y BK |k DER | ||
| 952 | |0 0 |1 0 |4 0 |6 341_770000000000000_MAT_2008 |7 0 |8 A |9 419302 |a BIBDER |b BIBDER |d 2019-11-22 |i 4597168 |o 341.77 MAT 2008 |p 4597168 |r 2023-01-25 |w 2019-11-22 |y BK |k DER | ||